| Tag |
First Indicator |
Second Indicator |
Subfields |
| LEADER |
00000cam a2200000 4500 |
| 001 |
in00001985366 |
| 006 |
m | d | |
| 007 |
cr |n||||||||n |
| 008 |
791208s1737 stk|||| s 00||||eng d |
| 005 |
20260406213809.5 |
| 035 |
|
|
|a (CStRLIN)ESTCT75155
|
| 040 |
|
|
|a Uk-ES
|c Uk-ES
|d Cu-RivES
|d CStRLIN
|d Thomson Gale
|d UtOrBLW
|
| 100 |
1 |
|
|a Boston, Thomas,
|d 1677-1732.
|
| 245 |
1 |
4 |
|a The sovereignty and wisdom of God displayed in the afflictions of men :
|b together with a Christian deportment under them, being the substance of several sermons ... By ... Thomas Boston, ...
|
| 264 |
|
3 |
|a Edinburgh :
|b printed by Alexander Alison, and sold by Messrs. Davidson and Trail, and at London, by Joseph Davidson,
|c 1737.
|
| 300 |
|
|
|a 14 unnumbered pages, 240p. ;
|c 8⁰.
|
| 336 |
|
|
|a text
|b txt
|2 rdacontent
|
| 337 |
|
|
|a computer
|b c
|2 rdamedia
|
| 338 |
|
|
|a online resource
|b cr
|2 rdacarrier
|
| 500 |
|
|
|a Reproduction of original from the British Library.
|
| 510 |
4 |
|
|a English Short Title Catalog,
|c ESTCT75155.
|
| 533 |
|
|
|a Electronic reproduction.
|b Farmington Hills, Mich. :
|c Thomson Gale,
|d 2003.
|n Available via the World Wide Web.
|n Access limited by licensing agreements
|7 s2003 miunns
|
| 500 |
|
|
|a Electronic resource.
|
| 830 |
|
0 |
|a Eighteenth century collections online.
|
| 856 |
4 |
0 |
|u http://proxy.library.tamu.edu/login?url=https://galenet.galegroup.com/servlet/ECCO?c=1&stp=Author&ste=11&af=BN&ae=T075155&tiPG=1&dd=0&dc=flc&docNum=CW117911998&vrsn=1.0&srchtp=a&d4=0.33&n=10&SU=0LRF&locID=txshracd2898
|z Full text online
|t 0
|
| 999 |
|
|
|a MARS
|
| 999 |
f |
f |
|s 90ffb70f-560d-304a-895f-53cc5476e195
|i 0915bc7e-ec4b-3f34-89bb-3f866e51b368
|t 0
|
| 952 |
f |
f |
|a Texas A&M University
|b College Station
|c Electronic Resources
|s www_evans
|d Available Online
|t 0
|h No information provided
|
| 998 |
f |
f |
|t 0
|l Available Online
|